000 00790nam a2200169 i 4500
001 150859
003 ES-MaACL
007 t|
008 071115s1890 sp ||||1| spa d
100 1 _aCastellano, Tomás.
_936511
245 1 0 _aConferencia celebrada el día 21 de febrero de 1890 en el Centro Mercantil, Industrial y Agrícola de Zaragoza
_b: tema : armonía de las fuentes de riqueza ante la protección del Estado /
_cdiscurso pronunciado por Tomás Castellano.
260 _aZaragoza :
_b[s.n.,
_c1890?] (
_fZacarias Rodríguez)
300 _a16 p. ;
_c31 cm.
500 _aEn port. consta "Suplemento á el Diario de Zaragoza, correspondiente al dia 28 de Febrero de 1890"
710 2 _aCentro Mercantil, Industrial y Agrícola de Zaragoza.
_92759
852 _aES-MaACL
_jT-501-F-2
999 _c150859
_d150859